Most Popular Sports - Statistics

General Stats
  • This quiz has been taken 13 times
  • The average score is 11 of 14
Answer Stats
Hint Answer % Correct
2.4 billion fans Basketball
100%
Around 2.5 billion fans Cricket
100%
3.5–4 billion fans Soccer/Football
100%
183 million fans American Football
90%
500–700 million fans Baseball
90%
800 million fans Rugby
90%
Approximately 1 billion fans Tennis
90%
413 million to 450 million fans Golf
80%
23 million fans Ice Hockey
80%
900 to 935 million fans Volleyball
80%
Over 100 million fans Track and Field/Athletics
70%
Approximately 709 million fans Badminton
60%
estimated 850 million fans Table Tennis/Ping Pong
60%
300-500 million fans Field Hockey
30%
No matching quizzes found
Score Distribution
Percent of People with Each Score
Percentile by Number Answered
Your Score History
You have not taken this quiz